Normal view
MARC view
Entry Personal Name
001 - CONTROL NUMBER
- control field: 1557724
003 - CONTROL NUMBER IDENTIFIER
- control field: NLI
005 - DATE AND TIME OF LATEST TRANSACTION
- control field: 20240820161305.0
008 - FIXED-LENGTH DATA ELEMENTS
- fixed length control field: 240820|| aca||aabn | a|a d
040 ## - CATALOGING SOURCE
- Original cataloging agency: NLI
- Transcribing agency: NLI
100 ## - HEADING--PERSONAL NAME
- Personal name: शिरवळकर, सुहास
670 ## - SOURCE DATA FOUND
- Source citation: Work cat.: (NLI)1631160: 880-01 शिरवळकर, सुहास , माहौल , 2023.
